000
00307pam a2200133 a 4500
020
_c
041
_h
082
_a
4.0000000000000001E-2
_b
HAM
100
_a
Hamilton, A
245
_a
Cisco Routers 24 Stven
_h
Textual Documents
260
_a
Alameda
_b
Sybex Inc
_c
2000
300
_a
XXIII/626
930
_a
287
999
_c
107120
_d
107120